1977 census of mineral industries : industry series, stone.

Bibliographic Details
Uniform Title:Census of mineral industries (1977)
Corporate Author: United States. Bureau of the Census
Format: Government Document Book
Language:English
Published: [Washington, D.C.?] : U.S. Dept. of Commerce, Bureau of the Census : 1980.
Subjects:

MARC

Tag First Indicator Second Indicator Subfields
LEADER 00000cam a2200000 a 4500
001 in00000822607
005 20151018115651.0
008 810220s1980 dcu s f00010 eng d
010 |a gp 81003227  
020 |c $2.25 
035 |a (OCoLC)07152110 
035 |9 ADV8428AM 
040 |a GPO  |c GPO  |d UtOrBLW 
043 |a n-us--- 
074 |a 158 
086 0 |a C 3.216:MIC 77-I-14 A 
088 |a MIC 77-I-14 A 
130 0 |a Census of mineral industries (1977) 
245 1 0 |a 1977 census of mineral industries :  |b industry series, stone. 
264 1 |a [Washington, D.C.?] :  |b U.S. Dept. of Commerce, Bureau of the Census :  |c 1980. 
264 2 |a [Washington, D.C.?] :  |b For sale by Supt. of Docs., U.S. G.P.O., 
300 |a 38 pages in various pagings ;  |c 28 cm. 
336 |a text  |b txt  |2 rdacontent 
337 |a unmediated  |b n  |2 rdamedia 
338 |a volume  |b nc  |2 rdacarrier 
500 |a "Issued November 1980." 
500 |a "MIC77-I-14A." 
650 0 |a Mineral industries  |z United States  |x Statistics. 
650 0 |a Stone industry and trade  |z United States  |x Statistics. 
710 1 |a United States.  |b Bureau of the Census. 
740 0 |a Industry series, stone. 
740 0 |a Stone. 
999 |a MARS 
999 f f |s f7e075e8-6b05-3c5e-9975-da37f54419b5  |i f1abdf27-ae6a-37dc-9436-771b3fbd163a  |t 0 
952 f f |p noncirc  |a Texas A&M University  |b College Station  |c Sterling C. Evans Library  |d Evans: US Documents (Annex 5th floor)  |t 0  |e C 3.216:MIC 77-I-14 A  |h Superintendent of Documents classification  |i unmediated -- volume  |m A14832472701 
998 f f |a C 3.216:MIC 77-I-14 A  |t 0  |l Evans: US Documents (Annex 5th floor)